Ethnic Groups by Description - Statistics

General Stats
  • This quiz has been taken 39 times
  • The average score is 11 of 15
Answer Stats
Hint Answer % Correct
Indigenous people of New Zealand. Maori
97%
Largest ethnic group in the world. Han
94%
Indigenous people of North Africa. Amazigh/Berber/Imazighen
91%
Stateless People from between Turkey, Syria and Iraq. Kurds
91%
Indigenous people inhabiting the region of Sápmi, which today encompasses large northern parts of Norway, Sweden, and Finland. Sami
91%
3rd largest ethnic group in China. Turkic ethnic group originating from and culturally affiliated with the general region of Central Asia and East Asia. Uyghur
91%
Small, European group located between Spain and France in the West. Basque
88%
Largest Native American tribe. Navajo
88%
Indigenous peoples traditionally inhabiting the Arctic and Subarctic regions of North America. Inuit
85%
Largest ethnic group in Indonesia. Javanese
85%
indigenous group of people from the Andean highlands of South America. Quechua
82%
An ethnic group of people in South Africa who speak the Nguni language. Zulu
71%
indigenous people of an island off the coast of South Korea. Their language is considered to be one of the two branches of the Koreanic language family, but it has no mutual intelligibility with Standard Korean Jeju/Jejuans
59%
Largest ethnic group in Vietnam. Kinh
15%
A Tibeto-Burman ethnic group primarily in northeastern India, historically called the Lushai. Mizo
15%
No matching quizzes found
Score Distribution
Percent of People with Each Score
Percentile by Number Answered
Your Score History
You have not taken this quiz